000 00927nam a22002777a 4500
001 8740
003 FISKH
005 20251016111420.0
008 251016b cb ||||| |||| 00| 0 eng d
020 _a0525441174
040 _aFISKH
_beng
_cFISKH
_dFISKH
050 _aPZ7.A2615 E
082 _a813.54
100 _aAdler, David
_eAuthor
245 _aEaton Stanley and the mind control experiment /
_cBy David A. Adler ; Illustrated by Joan Drescher
260 _aNew York :
_bE. P. Dutton ,
_c1985
300 _a88 pages :
_billustrations ;
_c21 cm
505 _aN
520 _aTwo sixth-grade boys try to control their teacher's mind, but find their project getting out of hand when serious things start happening to her.
521 8 _a570
_bLexile
521 8 _aN
_bRaz-Plus
650 _aChildren's books
_vKids
700 _aDrescher, Joan
_eIllustrator
942 _2ddc
_cBK
_n0
999 _c8740
_d8740